[Event "55th Ilmar Raud Memorial"]
[Site "Viljandi, Estonia"]
[Date "2021.07.11"]
[Round "9.3"]
[White "Kiik, Kalle"]
[Black "Pedoson, Georg Aleksander"]
[Result "1/2-1/2"]
[WhiteElo "2382"]
[BlackElo "2166"]

1. e4 {[%clk 01:30:55]} {[%emt 00:00:03]} c5 {[%clk 01:25:18]} {[%emt
00:05:44]} 2. Nf3 {[%clk 01:29:54]} {[%emt 00:01:30]} Nc6 {[%clk 01:23:54]}
{[%emt 00:01:54]} 3. Bb5 {[%clk 01:29:57]} {[%emt 00:00:26]} e6 {[%clk
01:21:01]} {[%emt 00:03:24]} 4. O-O {[%clk 01:29:52]} {[%emt 00:00:35]} Nge7
{[%clk 01:19:27]} {[%emt 00:02:05]} 5. Re1 {[%clk 01:28:40]} {[%emt 00:01:41]}
a6 {[%clk 01:17:58]} {[%emt 00:02:00]} 6. Bf1 {[%clk 01:29:02]} {[%emt
00:00:06]} Ng6 {[%clk 01:13:32]} {[%emt 00:04:57]} 7. c3 {[%clk 01:23:50]}
{[%emt 00:05:42]} Be7 {[%clk 01:07:44]} {[%emt 00:06:19]} 8. d4 {[%clk
01:23:59]} {[%emt 00:00:20]} cxd4 {[%clk 01:03:19]} {[%emt 00:04:56]} 9. cxd4
{[%clk 01:24:05]} {[%emt 00:00:22]} d5 {[%clk 01:00:39]} {[%emt 00:03:11]} 10.
e5 {[%clk 01:19:42]} {[%emt 00:04:52]} O-O {[%clk 00:59:06]} {[%emt 00:02:04]}
11. Nc3 {[%clk 01:19:58]} {[%emt 00:00:13]} Bd7 {[%clk 00:45:02]} {[%emt
00:14:36]} 12. a3 {[%clk 01:19:19]} {[%emt 00:01:08]} Rc8 {[%clk 00:44:11]}
{[%emt 00:01:21]} 13. Bd3 {[%clk 01:18:23]} {[%emt 00:01:26]} Na5 {[%clk
00:40:50]} {[%emt 00:03:52]} 14. Bc2 {[%clk 01:15:16]} {[%emt 00:03:35]} Re8
{[%clk 00:36:14]} {[%emt 00:05:06]} 15. Qd3 {[%clk 01:14:48]} {[%emt 00:00:57]}
b5 {[%clk 00:29:13]} {[%emt 00:07:33]} 16. g3 {[%clk 01:14:36]} {[%emt
00:00:41]} Qc7 {[%clk 00:22:51]} {[%emt 00:06:53]} 17. Ng5 {[%clk 00:36:34]}
{[%emt 00:38:31]} Nc4 {[%clk 00:18:13]} {[%emt 00:05:08]} 18. h4 {[%clk
00:24:26]} {[%emt 00:12:37]} Bxg5 {[%clk 00:18:06]} {[%emt 00:00:38]} 19. hxg5
{[%clk 00:24:48]} {[%emt 00:00:07]} a5 {[%clk 00:17:38]} {[%emt 00:00:59]} 20.
Bb1 {[%clk 00:24:35]} {[%emt 00:00:43]} Nxa3 {[%clk 00:14:15]} {[%emt
00:03:55]} 21. Nxd5 {[%clk 00:20:46]} {[%emt 00:04:18]} Qxc1 {[%clk 00:11:59]}
{[%emt 00:02:46]} 22. Rxc1 {[%clk 00:17:53]} {[%emt 00:03:22]} Rxc1+ {[%clk
00:12:25]} {[%emt 00:00:05]} 23. Kh2 {[%clk 00:18:18]} {[%emt 00:00:04]} Nc4
{[%clk 00:09:21]} {[%emt 00:03:35]} 24. b3 {[%clk 00:13:09]} {[%emt 00:05:40]}
Ncxe5 {[%clk 00:07:48]} {[%emt 00:02:03]} 25. dxe5 {[%clk 00:13:28]} {[%emt
00:00:09]} exd5 {[%clk 00:08:13]} {[%emt 00:00:05]} 26. Rxa5 {[%clk 00:11:49]}
{[%emt 00:02:11]} d4 {[%clk 00:07:28]} {[%emt 00:01:15]} 27. Ra6 {[%clk
00:11:13]} {[%emt 00:01:06]} Bc6 {[%clk 00:05:36]} {[%emt 00:02:22]} 28. Rxc6
{[%clk 00:11:04]} {[%emt 00:00:39]} Rxc6 {[%clk 00:06:02]} {[%emt 00:00:04]} 29.
f4 {[%clk 00:10:08]} {[%emt 00:01:25]} Rd8 {[%clk 00:02:32]} {[%emt 00:04:00]}
30. Qxb5 {[%clk 00:10:15]} {[%emt 00:00:22]} Rcc8 {[%clk 00:02:54]} {[%emt
00:00:09]} 31. Bf5 {[%clk 00:06:22]} {[%emt 00:04:22]} Rb8 {[%clk 00:03:08]}
{[%emt 00:00:16]} 32. Qd3 {[%clk 00:05:44]} {[%emt 00:01:08]} Nf8 {[%clk
00:03:16]} {[%emt 00:00:22]} 33. Kg2 {[%clk 00:05:01]} {[%emt 00:01:13]} g6
{[%clk 00:03:29]} {[%emt 00:00:18]} 34. Bg4 {[%clk 00:05:27]} {[%emt 00:00:04]}
Ne6 {[%clk 00:02:48]} {[%emt 00:01:11]} 35. Bxe6 {[%clk 00:04:32]} {[%emt
00:01:24]} fxe6 {[%clk 00:02:56]} {[%emt 00:00:22]} 36. Qc4 {[%clk 00:04:23]}
{[%emt 00:00:39]} d3 {[%clk 00:02:58]} {[%emt 00:00:28]} 37. Qxe6+ {[%clk
00:03:56]} {[%emt 00:00:58]} Kh8 {[%clk 00:02:51]} {[%emt 00:00:37]} 38. Qf6+
{[%clk 00:03:20]} {[%emt 00:01:06]} Kg8 {[%clk 00:03:16]} {[%emt 00:00:05]} 39.
Qe6+ {[%clk 00:01:46]} {[%emt 00:02:04]} Kh8 {[%clk 00:03:35]} {[%emt
00:00:11]} 40. Qf6+ {[%clk 00:16:59]} {[%emt 00:00:17]} Kg8 {[%clk 00:18:58]}
{[%emt 00:00:07]} 1/2-1/2

[Event "55th Ilmar Raud Memorial"]
[Site "Viljandi, Estonia"]
[Date "2021.07.11"]
[Round "9.4"]
[White "Shishkov, Andrei"]
[Black "Miezis, Normunds"]
[Result "1/2-1/2"]
[WhiteElo "2405"]
[BlackElo "2472"]

1. d4 {[%clk 01:30:58]} {[%emt 00:00:01]} Nf6 {[%clk 01:27:01]} {[%emt
00:03:59]} 2. c4 {[%clk 01:31:24]} {[%emt 00:00:05]} e6 {[%clk 01:26:15]}
{[%emt 00:01:15]} 3. Nc3 {[%clk 01:31:50]} {[%emt 00:00:05]} Bb4 {[%clk
01:26:36]} {[%emt 00:00:09]} 4. Qc2 {[%clk 01:32:14]} {[%emt 00:00:06]} d5
{[%clk 01:26:22]} {[%emt 00:00:43]} 5. a3 {[%clk 01:32:35]} {[%emt 00:00:10]}
Be7 {[%clk 01:26:01]} {[%emt 00:00:51]} 6. Nf3 {[%clk 01:32:00]} {[%emt
00:01:05]} O-O {[%clk 01:25:35]} {[%emt 00:00:55]} 7. Bf4 {[%clk 01:32:02]}
{[%emt 00:00:28]} c5 {[%clk 01:23:29]} {[%emt 00:02:36]} 8. dxc5 {[%clk
01:30:07]} {[%emt 00:02:26]} Bxc5 {[%clk 01:18:50]} {[%emt 00:05:09]} 9. Rd1
{[%clk 01:22:55]} {[%emt 00:07:43]} Qb6 {[%clk 01:15:42]} {[%emt 00:03:37]} 10.
e3 {[%clk 01:22:43]} {[%emt 00:00:42]} dxc4 {[%clk 01:16:01]} {[%emt 00:00:10]}
11. Bxc4 {[%clk 01:22:24]} {[%emt 00:00:49]} Be7 {[%clk 01:12:07]} {[%emt
00:04:23]} 12. O-O {[%clk 01:21:45]} {[%emt 00:01:10]} Bd7 {[%clk 01:12:00]}
{[%emt 00:00:36]} 13. Ne5 {[%clk 01:14:50]} {[%emt 00:07:26]} Rc8 {[%clk
01:11:59]} {[%emt 00:00:31]} 14. Nxd7 {[%clk 01:10:11]} {[%emt 00:05:10]} Nbxd7
{[%clk 01:12:13]} {[%emt 00:00:15]} 15. Qe2 {[%clk 01:05:39]} {[%emt 00:05:02]}
a6 {[%clk 01:10:19]} {[%emt 00:02:24]} 16. e4 {[%clk 00:55:07]} {[%emt
00:11:02]} Qc5 {[%clk 01:03:51]} {[%emt 00:06:57]} 17. Ba2 {[%clk 00:54:38]}
{[%emt 00:01:01]} Ne5 {[%clk 01:03:28]} {[%emt 00:00:52]} 18. Na4 {[%clk
00:38:28]} {[%emt 00:16:40]} Qa5 {[%clk 00:54:23]} {[%emt 00:09:34]} 19. Bxe5
{[%clk 00:38:41]} {[%emt 00:00:17]} Qxa4 {[%clk 00:53:41]} {[%emt 00:01:11]} 20.
f3 {[%clk 00:36:21]} {[%emt 00:02:50]} h6 {[%clk 00:49:15]} {[%emt 00:04:55]}
21. Bc3 {[%clk 00:31:13]} {[%emt 00:05:39]} Bxa3 {[%clk 00:46:15]} {[%emt
00:03:30]} 22. Bb1 {[%clk 00:27:34]} {[%emt 00:04:09]} Bb4 {[%clk 00:40:13]}
{[%emt 00:06:30]} 23. Bxf6 {[%clk 00:27:00]} {[%emt 00:01:05]} gxf6 {[%clk
00:40:34]} {[%emt 00:00:08]} 24. f4 {[%clk 00:26:48]} {[%emt 00:00:42]} Rd8
{[%clk 00:40:34]} {[%emt 00:00:29]} 25. Bd3 {[%clk 00:25:07]} {[%emt 00:02:12]}
Rd4 {[%clk 00:37:39]} {[%emt 00:03:25]} 26. f5 {[%clk 00:13:35]} {[%emt
00:12:03]} e5 {[%clk 00:35:53]} {[%emt 00:02:16]} 27. Bc4 {[%clk 00:12:18]}
{[%emt 00:01:47]} Bc5 {[%clk 00:17:05]} {[%emt 00:19:17]} 28. Rxd4 {[%clk
00:12:45]} {[%emt 00:00:03]} Bxd4+ {[%clk 00:14:15]} {[%emt 00:03:20]} 29. Kh1
{[%clk 00:13:14]} {[%emt 00:00:01]} Rc8 {[%clk 00:11:51]} {[%emt 00:02:53]} 30.
b3 {[%clk 00:13:19]} {[%emt 00:00:26]} Qb4 {[%clk 00:09:24]} {[%emt 00:02:57]}
31. Qg4+ {[%clk 00:10:44]} {[%emt 00:03:05]} Kf8 {[%clk 00:09:09]} {[%emt
00:00:44]} 32. Qh5 {[%clk 00:10:57]} {[%emt 00:00:18]} Rxc4 {[%clk 00:07:16]}
{[%emt 00:02:23]} 33. Qxh6+ {[%clk 00:10:46]} {[%emt 00:00:42]} Ke7 {[%clk
00:07:40]} {[%emt 00:00:05]} 34. bxc4 {[%clk 00:11:11]} {[%emt 00:00:06]} a5
{[%clk 00:05:21]} {[%emt 00:02:48]} 35. Qh8 {[%clk 00:02:04]} {[%emt 00:09:36]}
Qxc4 {[%clk 00:04:32]} {[%emt 00:01:20]} 36. Rb1 {[%clk 00:02:23]} {[%emt
00:00:12]} b6 {[%clk 00:03:39]} {[%emt 00:01:22]} 37. Qa8 {[%clk 00:02:39]}
{[%emt 00:00:14]} a4 {[%clk 00:03:14]} {[%emt 00:00:55]} 38. h4 {[%clk
00:02:44]} {[%emt 00:00:25]} Qc2 {[%clk 00:02:59]} {[%emt 00:00:45]} 39. Rf1
{[%clk 00:02:56]} {[%emt 00:00:18]} Qc4 {[%clk 00:02:08]} {[%emt 00:01:21]} 40.
Rf3 {[%clk 00:17:16]} {[%emt 00:01:10]} Qc1+ {[%clk 00:16:16]} {[%emt
00:01:22]} 41. Kh2 {[%clk 00:17:45]} {[%emt 00:00:01]} Be3 {[%clk 00:12:26]}
{[%emt 00:04:20]} 42. Qb7+ {[%clk 00:09:55]} {[%emt 00:08:21]} Kf8 {[%clk
00:12:17]} {[%emt 00:00:38]} 43. Qa8+ {[%clk 00:10:14]} {[%emt 00:00:11]} Ke7
{[%clk 00:12:36]} {[%emt 00:00:10]} 44. Qb7+ {[%clk 00:03:22]} {[%emt
00:07:22]} Kf8 {[%clk 00:12:19]} {[%emt 00:00:47]} 45. Qa8+ {[%clk 00:03:42]}
{[%emt 00:00:12]} Ke7 {[%clk 00:12:36]} {[%emt 00:00:12]} 1/2-1/2

[Event "55th Ilmar Raud Memorial"]
[Site "Viljandi, Estonia"]
[Date "2021.07.11"]
[Round "9.5"]
[White "Soot, Margus"]
[Black "Shvyrjov, Igor"]
[Result "0-1"]
[WhiteElo "2106"]
[BlackElo "2382"]

1. e4 {[%clk 01:27:29]} {[%emt 00:03:30]} d5 {[%clk 01:22:56]} {[%emt
00:08:04]} 2. exd5 {[%clk 01:25:22]} {[%emt 00:02:37]} Qxd5 {[%clk 01:23:00]}
{[%emt 00:00:27]} 3. Nc3 {[%clk 01:20:34]} {[%emt 00:05:18]} Qd8 {[%clk
01:23:21]} {[%emt 00:00:08]} 4. Nf3 {[%clk 01:14:38]} {[%emt 00:06:25]} Bg4
{[%clk 01:22:44]} {[%emt 00:01:08]} 5. h3 {[%clk 01:14:42]} {[%emt 00:00:27]}
Bxf3 {[%clk 01:22:40]} {[%emt 00:00:35]} 6. Qxf3 {[%clk 01:15:03]} {[%emt
00:00:08]} c6 {[%clk 01:23:07]} {[%emt 00:00:03]} 7. Bc4 {[%clk 01:12:45]}
{[%emt 00:02:48]} e6 {[%clk 01:23:14]} {[%emt 00:00:24]} 8. O-O {[%clk
01:13:08]} {[%emt 00:00:07]} Nf6 {[%clk 01:22:45]} {[%emt 00:00:59]} 9. d3
{[%clk 01:09:57]} {[%emt 00:03:41]} Nbd7 {[%clk 01:22:43]} {[%emt 00:00:31]} 10.
Bf4 {[%clk 01:08:43]} {[%emt 00:01:43]} a5 {[%clk 01:19:41]} {[%emt 00:03:33]}
11. a3 {[%clk 01:07:49]} {[%emt 00:01:24]} Be7 {[%clk 01:18:49]} {[%emt
00:01:21]} 12. Rae1 {[%clk 01:06:47]} {[%emt 00:01:32]} O-O {[%clk 01:18:55]}
{[%emt 00:00:24]} 13. Ne4 {[%clk 01:07:02]} {[%emt 00:00:16]} Nd5 {[%clk
01:16:01]} {[%emt 00:03:24]} 14. Bc1 {[%clk 01:03:48]} {[%emt 00:03:44]} Ne5
{[%clk 01:07:50]} {[%emt 00:08:41]} 15. Qe2 {[%clk 01:02:37]} {[%emt 00:01:41]}
Qb6 {[%clk 00:57:05]} {[%emt 00:11:16]} 16. Ba2 {[%clk 01:01:07]} {[%emt
00:01:59]} Ng6 {[%clk 00:53:43]} {[%emt 00:03:52]} 17. Kh1 {[%clk 00:49:20]}
{[%emt 00:12:17]} e5 {[%clk 00:52:07]} {[%emt 00:02:06]} 18. Qf3 {[%clk
00:44:50]} {[%emt 00:05:00]} Rad8 {[%clk 00:48:46]} {[%emt 00:03:51]} 19. Nd2
{[%clk 00:38:01]} {[%emt 00:07:19]} Qc7 {[%clk 00:45:23]} {[%emt 00:03:54]} 20.
Nc4 {[%clk 00:35:21]} {[%emt 00:03:10]} Kh8 {[%clk 00:45:15]} {[%emt 00:00:38]}
21. Bd2 {[%clk 00:35:14]} {[%emt 00:00:37]} a4 {[%clk 00:44:08]} {[%emt
00:01:37]} 22. Ne3 {[%clk 00:35:19]} {[%emt 00:00:24]} Nxe3 {[%clk 00:35:57]}
{[%emt 00:08:42]} 23. fxe3 {[%clk 00:28:19]} {[%emt 00:07:30]} f5 {[%clk
00:36:07]} {[%emt 00:00:20]} 24. Qh5 {[%clk 00:28:42]} {[%emt 00:00:07]} Qd7
{[%clk 00:31:25]} {[%emt 00:05:12]} 25. Bc3 {[%clk 00:24:28]} {[%emt 00:04:44]}
b5 {[%clk 00:29:02]} {[%emt 00:02:53]} 26. Rd1 {[%clk 00:17:45]} {[%emt
00:07:13]} c5 {[%clk 00:25:11]} {[%emt 00:04:21]} 27. e4 {[%clk 00:13:43]}
{[%emt 00:04:32]} b4 {[%clk 00:25:14]} {[%emt 00:00:27]} 28. Bd2 {[%clk
00:05:54]} {[%emt 00:08:19]} fxe4 {[%clk 00:23:23]} {[%emt 00:02:21]} 29. Bf7
{[%clk 00:05:37]} {[%emt 00:00:47]} Rxf7 {[%clk 00:20:02]} {[%emt 00:03:52]} 30.
Rxf7 {[%clk 00:06:01]} {[%emt 00:00:06]} Qe6 {[%clk 00:13:24]} {[%emt
00:07:07]} 31. Rdf1 {[%clk 00:06:06]} {[%emt 00:00:25]} exd3 {[%clk 00:11:01]}
{[%emt 00:02:53]} 32. cxd3 {[%clk 00:04:53]} {[%emt 00:01:43]} Kg8 {[%clk
00:08:43]} {[%emt 00:02:48]} 33. Bg5 {[%clk 00:02:12]} {[%emt 00:03:12]} Bxg5
{[%clk 00:06:44]} {[%emt 00:02:30]} 34. Qxg5 {[%clk 00:02:40]} {[%emt
00:00:01]} Rxd3 {[%clk 00:07:02]} {[%emt 00:00:13]} 35. axb4 {[%clk 00:02:27]}
{[%emt 00:00:43]} cxb4 {[%clk 00:07:29]} {[%emt 00:00:03]} 36. Ra7 {[%clk
00:02:45]} {[%emt 00:00:11]} h6 {[%clk 00:07:43]} {[%emt 00:00:16]} 37. Qc1
{[%clk 00:02:47]} {[%emt 00:00:28]} Nf4 {[%clk 00:06:47]} {[%emt 00:01:26]} 38.
Rxf4 {[%clk 00:01:00]} {[%emt 00:02:17]} exf4 {[%clk 00:07:07]} {[%emt
00:00:10]} 39. Qxf4 {[%clk 00:01:28]} {[%emt 00:00:02]} a3 {[%clk 00:05:49]}
{[%emt 00:01:48]} 40. bxa3 {[%clk 00:16:28]} {[%emt 00:00:30]} bxa3 {[%clk
00:20:13]} {[%emt 00:01:06]} 41. Qc7 {[%clk 00:12:10]} {[%emt 00:04:48]} Qg6
{[%clk 00:16:58]} {[%emt 00:03:45]} 42. Kh2 {[%clk 00:11:10]} {[%emt 00:01:30]}
Kh7 {[%clk 00:17:04]} {[%emt 00:00:25]} 43. Qe5 {[%clk 00:11:35]} {[%emt
00:00:05]} Rd2 {[%clk 00:12:25]} {[%emt 00:05:09]} 44. Qg3 {[%clk 00:11:57]}
{[%emt 00:00:08]} a2 {[%clk 00:12:11]} {[%emt 00:00:44]} 45. Qxg6+ {[%clk
00:12:13]} {[%emt 00:00:14]} Kxg6 {[%clk 00:12:40]} {[%emt 00:00:01]} 46. Ra5
{[%clk 00:12:35]} {[%emt 00:00:09]} Kf6 {[%clk 00:12:58]} {[%emt 00:00:12]} 47.
h4 {[%clk 00:12:57]} {[%emt 00:00:08]} Ke6 {[%clk 00:12:32]} {[%emt 00:00:55]}
48. Kh3 {[%clk 00:12:53]} {[%emt 00:00:33]} Kd6 {[%clk 00:12:14]} {[%emt
00:00:49]} 49. g3 {[%clk 00:08:11]} {[%emt 00:05:12]} Kc6 {[%clk 00:03:07]}
{[%emt 00:09:37]} 50. Kg4 {[%clk 00:07:39]} {[%emt 00:01:01]} Kb6 {[%clk
00:03:34]} {[%emt 00:00:05]} 51. Ra8 {[%clk 00:07:57]} {[%emt 00:00:12]} Rf2
{[%clk 00:02:23]} {[%emt 00:01:41]} 52. Kh5 {[%clk 00:00:38]} {[%emt 00:07:48]}
Rf5+ {[%clk 00:02:40]} {[%emt 00:00:13]} 53. Kg6 {[%clk 00:00:41]} {[%emt
00:00:27]} Ra5 {[%clk 00:03:04]} {[%emt 00:00:06]} 0-1

[Event "55th Ilmar Raud Memorial"]
[Site "Viljandi, Estonia"]
[Date "2021.07.11"]
[Round "9.6"]
[White "Uibokant, Mathias Robert"]
[Black "Chukavin, Kirill"]
[Result "0-1"]
[WhiteElo "2004"]
[BlackElo "2384"]

1. d4 {[%clk 01:30:56]} {[%emt 00:00:04]} Nf6 {[%clk 01:26:44]} {[%emt
00:04:17]} 2. Nf3 {[%clk 01:29:43]} {[%emt 00:01:43]} d5 {[%clk 01:27:05]}
{[%emt 00:00:09]} 3. e3 {[%clk 01:29:59]} {[%emt 00:00:14]} c5 {[%clk
01:24:43]} {[%emt 00:02:52]} 4. b3 {[%clk 01:25:45]} {[%emt 00:04:44]} cxd4
{[%clk 01:19:09]} {[%emt 00:06:04]} 5. exd4 {[%clk 01:26:04]} {[%emt 00:00:10]}
Nc6 {[%clk 01:19:18]} {[%emt 00:00:22]} 6. a3 {[%clk 01:26:01]} {[%emt
00:00:34]} Bg4 {[%clk 01:17:22]} {[%emt 00:02:25]} 7. Bb2 {[%clk 01:25:34]}
{[%emt 00:00:57]} e6 {[%clk 01:17:17]} {[%emt 00:00:35]} 8. Nbd2 {[%clk
01:24:13]} {[%emt 00:01:51]} Bd6 {[%clk 01:16:29]} {[%emt 00:01:18]} 9. Bd3
{[%clk 01:24:18]} {[%emt 00:00:24]} Qc7 {[%clk 01:15:11]} {[%emt 00:01:49]} 10.
h3 {[%clk 01:24:37]} {[%emt 00:00:11]} Bh5 {[%clk 01:15:31]} {[%emt 00:00:10]}
11. Qe2 {[%clk 01:23:57]} {[%emt 00:01:09]} O-O {[%clk 01:08:37]} {[%emt
00:07:24]} 12. O-O {[%clk 01:23:39]} {[%emt 00:00:48]} Rae8 {[%clk 01:07:40]}
{[%emt 00:01:27]} 13. Qe1 {[%clk 01:16:16]} {[%emt 00:07:53]} e5 {[%clk
00:59:10]} {[%emt 00:09:00]} 14. dxe5 {[%clk 01:16:24]} {[%emt 00:00:22]} Nxe5
{[%clk 00:59:06]} {[%emt 00:00:34]} 15. Nxe5 {[%clk 01:16:20]} {[%emt
00:00:34]} Bxe5 {[%clk 00:59:25]} {[%emt 00:00:11]} 16. Bxe5 {[%clk 01:15:37]}
{[%emt 00:01:13]} Rxe5 {[%clk 00:59:43]} {[%emt 00:00:12]} 17. Qc1 {[%clk
01:15:02]} {[%emt 00:01:05]} Qc3 {[%clk 00:57:55]} {[%emt 00:02:18]} 18. f4
{[%clk 01:06:07]} {[%emt 00:09:25]} Re3 {[%clk 00:46:35]} {[%emt 00:11:50]} 19.
Rf2 {[%clk 01:04:28]} {[%emt 00:02:09]} Rfe8 {[%clk 00:37:17]} {[%emt
00:09:48]} 20. Qf1 {[%clk 00:56:49]} {[%emt 00:08:09]} R8e7 {[%clk 00:32:52]}
{[%emt 00:04:55]} 21. Rb1 {[%clk 00:52:49]} {[%emt 00:04:30]} Qd4 {[%clk
00:21:26]} {[%emt 00:11:55]} 22. Kh2 {[%clk 00:50:31]} {[%emt 00:02:47]} Be2
{[%clk 00:19:49]} {[%emt 00:02:08]} 23. Rxe2 {[%clk 00:48:22]} {[%emt
00:02:40]} Rxe2 {[%clk 00:20:09]} {[%emt 00:00:09]} 24. Bxe2 {[%clk 00:48:42]}
{[%emt 00:00:10]} Qxd2 {[%clk 00:20:30]} {[%emt 00:00:09]} 25. Bd3 {[%clk
00:48:51]} {[%emt 00:00:21]} Nh5 {[%clk 00:18:47]} {[%emt 00:02:13]} 26. Rd1
{[%clk 00:45:02]} {[%emt 00:04:19]} Qxf4+ {[%clk 00:19:01]} {[%emt 00:00:16]}
27. Qxf4 {[%clk 00:45:23]} {[%emt 00:00:09]} Nxf4 {[%clk 00:19:14]} {[%emt
00:00:17]} 28. Bc4 {[%clk 00:45:41]} {[%emt 00:00:13]} Kf8 {[%clk 00:16:00]}
{[%emt 00:03:44]} 29. Bxd5 {[%clk 00:45:53]} {[%emt 00:00:18]} Rd7 {[%clk
00:14:51]} {[%emt 00:01:39]} 30. Bf3 {[%clk 00:45:11]} {[%emt 00:01:11]} Rxd1
{[%clk 00:15:05]} {[%emt 00:00:16]} 31. Bxd1 {[%clk 00:45:36]} {[%emt
00:00:05]} f5 {[%clk 00:12:30]} {[%emt 00:03:05]} 32. Kg3 {[%clk 00:44:44]}
{[%emt 00:01:22]} g5 {[%clk 00:12:52]} {[%emt 00:00:09]} 33. h4 {[%clk
00:42:02]} {[%emt 00:03:12]} h6 {[%clk 00:13:18]} {[%emt 00:00:04]} 34. hxg5
{[%clk 00:42:29]} {[%emt 00:00:03]} hxg5 {[%clk 00:13:46]} {[%emt 00:00:02]} 35.
a4 {[%clk 00:39:48]} {[%emt 00:03:11]} Ke7 {[%clk 00:12:57]} {[%emt 00:01:19]}
36. a5 {[%clk 00:39:00]} {[%emt 00:01:18]} Ne6 {[%clk 00:09:39]} {[%emt
00:03:47]} 37. Bf3 {[%clk 00:37:11]} {[%emt 00:02:20]} Nd8 {[%clk 00:06:39]}
{[%emt 00:03:30]} 38. Kf2 {[%clk 00:36:49]} {[%emt 00:00:51]} g4 {[%clk
00:05:11]} {[%emt 00:01:58]} 39. Be2 {[%clk 00:35:44]} {[%emt 00:01:35]} Kd6
{[%clk 00:04:24]} {[%emt 00:01:18]} 40. Ke3 {[%clk 00:50:11]} {[%emt 00:01:02]}
Ke5 {[%clk 00:19:40]} {[%emt 00:00:14]} 41. b4 {[%clk 00:50:22]} {[%emt
00:00:19]} Nc6 {[%clk 00:18:59]} {[%emt 00:01:11]} 42. c3 {[%clk 00:50:46]}
{[%emt 00:00:06]} Ne7 {[%clk 00:19:18]} {[%emt 00:00:11]} 43. b5 {[%clk
00:50:13]} {[%emt 00:01:03]} Nd5+ {[%clk 00:16:14]} {[%emt 00:03:34]} 44. Kd2
{[%clk 00:50:31]} {[%emt 00:00:12]} b6 {[%clk 00:15:41]} {[%emt 00:01:03]} 45.
c4 {[%clk 00:48:54]} {[%emt 00:02:07]} Nf4 {[%clk 00:14:33]} {[%emt 00:01:38]}
46. c5 {[%clk 00:42:46]} {[%emt 00:06:38]} bxa5 {[%clk 00:13:13]} {[%emt
00:01:50]} 47. b6 {[%clk 00:43:12]} {[%emt 00:00:04]} axb6 {[%clk 00:13:25]}
{[%emt 00:00:17]} 48. cxb6 {[%clk 00:43:36]} {[%emt 00:00:07]} Kd6 {[%clk
00:13:46]} {[%emt 00:00:09]} 49. Bf1 {[%clk 00:43:11]} {[%emt 00:00:55]} a4
{[%clk 00:13:06]} {[%emt 00:01:10]} 50. g3 {[%clk 00:43:16]} {[%emt 00:00:25]}
Nh5 {[%clk 00:12:49]} {[%emt 00:00:48]} 51. Bg2 {[%clk 00:43:37]} {[%emt
00:00:09]} Nxg3 {[%clk 00:12:18]} {[%emt 00:01:01]} 52. Kc3 {[%clk 00:44:00]}
{[%emt 00:00:07]} f4 {[%clk 00:12:22]} {[%emt 00:00:25]} 53. Kb4 {[%clk
00:43:29]} {[%emt 00:01:01]} f3 {[%clk 00:12:32]} {[%emt 00:00:20]} 54. Bf1
{[%clk 00:43:36]} {[%emt 00:00:23]} Ne4 {[%clk 00:12:15]} {[%emt 00:00:48]} 55.
Bd3 {[%clk 00:42:33]} {[%emt 00:01:33]} Nc5 {[%clk 00:12:35]} {[%emt 00:00:10]}
56. Be4 {[%clk 00:42:14]} {[%emt 00:00:48]} Nxe4 {[%clk 00:12:55]} {[%emt
00:00:10]} 0-1